El grito : (Record no. 192961)

MARC details
000 -CABECERA
campo de control de longitud fija 00756nam a2200241 a 4500
005 - FECHA Y HORA DE LA ÚLTIMA TRANSACCIÓN
campo de control 20230601063702.0
008 - ELEMENTOS DE LONGITUD FIJA--INFORMACIÓN GENERAL
campo de control de longitud fija 171010s2008 mx r 000 0 spa d
020 ## - NÚMERO INTERNACIONAL NORMALIZADO PARA LIBROS
Número Internacional Estándar del Libro 9786077749042
035 ## - NÚMERO DE CONTROL DEL SISTEMA
Número de control de sistema UPN01000220862
040 ## - FUENTE DE LA CATALOGACIÓN
Centro catalogador/agencia de origen UPN
Lengua de catalogación spa
Centro/agencia transcriptor UPN
049 ## - COLECCIÓN
Colección I
050 #4 - SIGNATURA TOPOGRÁFICA DE LA BIBLIOTECA DEL CONGRESO
Número de clasificación F1232
Número de documento/Ítem N8.3
100 1# - ASIENTO PRINCIPAL--NOMBRE PERSONAL
Nombre de persona Núñez, Alonso,
Fechas asociadas al nombre 1969-
9 (RLIN) 40432
245 13 - MENCIÓN DE TÍTULO
Título El grito :
Resto del título por la maestra Díaz de Mitote de la escuela Fiestas Patrias /
Mención de responsabilidad, etc. Alonso Núñez ; il. Josel.
260 ## - PUBLICACIÓN, DISTRIBUCIÓN, ETC.
Lugar de publicación, distribución, etc. México :
Nombre del editor, distribuidor, etc. CIDCLI,
Fecha de publicación, distribución, etc. 2008.
300 ## - DESCRIPCIÓN FÍSICA
Extensión 29 p.
440 #3 - MENCIÓN DE SERIE/ASIENTO SECUNDARIO--TÍTULO
Título La saltapared
651 #4 - ASIENTO SECUNDARIO DE MATERIA - NOMBRE GEOGRAFICO
Nombre geográfico MEXICO -
Subdivisión general HISTORIA -
Subdivisión de forma LITERATURA INFANTIL
9 (RLIN) 5260
651 #4 - ASIENTO SECUNDARIO DE MATERIA - NOMBRE GEOGRAFICO
Nombre geográfico México
Subdivisión general Historia
Subdivisión cronológica Guerra de Independencia, 1810-1821
9 (RLIN) 15381
905 ## - TIPO DE MATERIAL
Tipo de material Infantil
942 ## - ELEMENTOS DE PUNTO DE ACCESO ADICIONAL (KOHA)
Fuente del sistema de clasificación o colocación Library of Congress Classification
Tipo de ítem Koha Libro
Holdings
Estado de retiro Estado de pérdida Fuente del sistema de clasificación o colocación Estado dañado No para préstamo Código de colección Localización permanente Ubicación/localización actual Ubicación en estantería Fecha de adquisición Total de préstamos Clasificación Código de barras Fecha visto por última vez Fecha del último préstamo Número de copia Tipo de ítem Koha
    Library of Congress Classification     Infantil Bib. Gregorio Torres Quintero Bib. Gregorio Torres Quintero Sala infantil Planta baja 09/09/2022 2 F1232 N8.3 320788 04/10/2024 20/09/2024 1 Libro